Objects of desire (E-BOOK) (Record no. 213284)
[ view plain ]
| 000 -LEADER | |
|---|---|
| fixed length control field | 01051 a2200253 4500 |
| 003 - CONTROL NUMBER IDENTIFIER | |
| control field | Nust |
| 005 - DATE AND TIME OF LATEST TRANSACTION | |
| control field | 20170207165831.0 |
| 010 ## - LIBRARY OF CONGRESS CONTROL NUMBER | |
| LC control number | 2004048878 |
| 020 ## - INTERNATIONAL STANDARD BOOK NUMBER | |
| International Standard Book Number | 1403901708 (cloth) |
| 040 ## - CATALOGING SOURCE | |
| Transcribing agency | Nust |
| 082 00 - DEWEY DECIMAL CLASSIFICATION NUMBER | |
| Classification number | 658.8343 |
| 100 1# - MAIN ENTRY--PERSONAL NAME | |
| Personal name | Dennis, Charles |
| 245 10 - TITLE STATEMENT | |
| Title | Objects of desire (E-BOOK) |
| Remainder of title | consumer behaviour in shopping centre choices / |
| Statement of responsibility, etc. | Charles Dennis with Andrew Newman and David Marsland. |
| 260 ## - PUBLICATION, DISTRIBUTION, ETC. | |
| Place of publication, distribution, etc. | Houndmills, Basingstoke, Hampshire ; |
| -- | New York : |
| Name of publisher, distributor, etc. | Palgrave Macmillan, |
| Date of publication, distribution, etc. | 2005. |
| 300 ## - PHYSICAL DESCRIPTION | |
| Extent | xvii, 271 p. : |
| Other physical details | ill., maps ; |
| Dimensions | 23 cm. |
| 650 #0 - SUBJECT ADDED ENTRY--TOPICAL TERM | |
| Topical term or geographic name entry element | Consumer behavior. |
| 650 #0 - SUBJECT ADDED ENTRY--TOPICAL TERM | |
| Topical term or geographic name entry element | Consumers' preferences. |
| 650 #0 - SUBJECT ADDED ENTRY--TOPICAL TERM | |
| Topical term or geographic name entry element | Shopping centers |
| General subdivision | Marketing. |
| 700 1# - ADDED ENTRY--PERSONAL NAME | |
| Personal name | Marsland, David. |
| 700 1# - ADDED ENTRY--PERSONAL NAME | |
| Personal name | Newman, Andrew J. |
| Dates associated with a name | 1948- |
| 856 42 - ELECTRONIC LOCATION AND ACCESS | |
| Materials specified | Contributor biographical information |
| Uniform Resource Identifier | <a href="http://www.loc.gov/catdir/enhancements/fy0618/2004048878-b.html">http://www.loc.gov/catdir/enhancements/fy0618/2004048878-b.html</a> |
| 856 42 - ELECTRONIC LOCATION AND ACCESS | |
| Materials specified | Publisher description |
| Uniform Resource Identifier | <a href="http://www.loc.gov/catdir/enhancements/fy0618/2004048878-d.html">http://www.loc.gov/catdir/enhancements/fy0618/2004048878-d.html</a> |
| 856 42 - ELECTRONIC LOCATION AND ACCESS | |
| Materials specified | Table of contents only |
| Uniform Resource Identifier | <a href="http://www.loc.gov/catdir/enhancements/fy0618/2004048878-t.html">http://www.loc.gov/catdir/enhancements/fy0618/2004048878-t.html</a> |
| 942 ## - ADDED ENTRY ELEMENTS (KOHA) | |
| Source of classification or shelving scheme | |
| Koha item type | Book |
| Withdrawn status | Lost status | Source of classification or shelving scheme | Damaged status | Not for loan | Collection code | Permanent Location | Current Location | Date acquired | Total Checkouts | Full call number | Barcode | Date last seen | Price effective from | Koha item type |
|---|---|---|---|---|---|---|---|---|---|---|---|---|---|---|
| Military College of Signals (MCS) | Military College of Signals (MCS) | 12/12/2016 | 658.8343 DEN | MCSEB-3317 | 12/08/2016 | 12/12/2016 | Book |
